Statistics for Artists who reached #1 in the USA that starts with U or V

Click here to take the quiz!

General Stats

  • This quiz has been taken 29 times
  • The average score is 6 of 14

Answer Stats

#SongArtist% Correct
2With or Without YouU2
96%
1Ice Ice BabyVanilla Ice
93%
2Red Red WineUB40
82%
1JumpVan Halen
82%
9Yeah!Usher
43%
2Can't Take My Eyes Off YouFrankie Valli
43%
1We Are the WorldUsa for Africa
39%
1Chariots of FireVangelis
39%
1Rubber BallBobby Vee
21%
4Blue VelvetBobby Vinton
21%
1Inside Your HeavenCarrie Underwood
11%
1Everything You WantVertical Horizon
11%
1Mr. CusterLarry Verne
7%
1At This MomentBilly Vera and the Beaters
4%

Score Distribution

Percentile by Number Answered

Percent of People with Each Score

Your Score History

You have not taken this quiz